000 00399 a2200145 4500
005 20250430105723.0
020 _a9967-78-10-9
082 _a658 UTO
100 _aUTOUH, J. L.
245 _aBusiness Administration and Management : Student's Manual.
260 _aDar Es Salaam,
_bNBAA,
_c2000.
300 _a231P.:Ill.; figures
_bBibliography
_c29cm.
700 _aMOWO, I. M. P.
942 _2ddc
_cBKS
999 _c1831
_d1831